| 000 -CABECERA |
| campo de control de longitud fija |
01364nam a22003137a 4500 |
| 003 - IDENTIFICADOR DEL NÚMERO DE CONTROL |
| campo de control |
OSt |
| 005 - FECHA Y HORA DE LA ÚLTIMA TRANSACCIÓN |
| campo de control |
20220602101013.0 |
| 008 - DATOS DE LONGITUD FIJA--INFORMACIÓN GENERAL |
| campo de control de longitud fija |
200221s2019 pe 000 0 spa |
| 020 ## - NÚMERO INTERNACIONAL ESTÁNDAR DEL LIBRO |
| Número Internacional Estándar del Libro |
9786124818806 |
| 040 ## - FUENTE DE LA CATALOGACIÓN |
| Centro/agencia transcriptor |
Biblioteca Municipal de Cusco |
| 082 ## - NÚMERO DE LA CLASIFICACIÓN DECIMAL DEWEY |
| Número de clasificación |
328.85/H88 |
| Notación interna |
H88 |
| 100 1# - ENTRADA PRINCIPAL--NOMBRE DE PERSONA |
| Nombre de persona |
Huertas, Mabel |
| Término indicativo de función/relación |
autor |
| 9 (RLIN) |
48032 |
| 245 10 - MENCIÓN DE TÍTULO |
| Título |
30-S Anatomía de una Disolución / |
| Mención de responsabilidad, etc. |
Mabel Huertas, Carlos Meléndez, José Carlos Requena, Erick Sablich. |
| 250 ## - MENCIÓN DE EDICIÓN |
| Mención de edición |
Primera edición. |
| 264 #1 - PRODUCCIÓN, PUBLICACIÓN, DISTRIBUCIÓN, FABRICACIÓN Y COPYRIGHT |
| Producción, publicación, distribución, fabricación y copyright |
Lima, Perú : |
| Nombre del de productor, editor, distribuidor, fabricante |
Página Once, |
| Fecha de producción, publicación, distribución, fabricación o copyright |
2019. |
| 300 ## - DESCRIPCIÓN FÍSICA |
| Extensión |
118 páginas. : |
| Otras características físicas |
ilustraciones ; |
| Dimensiones |
23 cm. |
| 490 ## - MENCIÓN DE SERIE |
| Mención de serie |
Segunda vuelta ; |
| Designación de volumen o secuencia |
1 |
| 500 ## - NOTA GENERAL |
| Nota general |
"¿Quienes ganaron y perdieron con el cierre del Congreso?"--Cubierta. |
| 500 ## - NOTA GENERAL |
| Nota general |
"La obra narra los sucesos del 30 de setiembre de 2019, sobre la cuestión de confianza solicitada por el Premier Del Solar, y el mensaje del Presidente Vizcarra, anunciando la disolución del Congreso" |
| 610 ## - PUNTO DE ACCESO ADICIONAL DE MATERIA--NOMBRE DE ENTIDAD CORPORATIVA |
| Nombre de entidad corporativa o nombre de jurisdicción como elemento de entrada |
Perú |
| Unidad subordinada |
Congreso |
| 9 (RLIN) |
4218 |
| 650 ## - PUNTO DE ACCESO ADICIONAL DE MATERIA--TÉRMINO DE MATERIA |
| Término de materia o nombre geográfico como elemento de entrada |
Práctica parlamentaria |
| Subdivisión geográfica |
Perú |
| 9 (RLIN) |
48033 |
| 650 ## - PUNTO DE ACCESO ADICIONAL DE MATERIA--TÉRMINO DE MATERIA |
| Término de materia o nombre geográfico como elemento de entrada |
Parlamentarios |
| Subdivisión general |
Actitudes |
| Subdivisión geográfica |
Perú |
| 9 (RLIN) |
48034 |
| 650 ## - PUNTO DE ACCESO ADICIONAL DE MATERIA--TÉRMINO DE MATERIA |
| Término de materia o nombre geográfico como elemento de entrada |
Corrupción política |
| Subdivisión geográfica |
Perú |
| 9 (RLIN) |
48035 |
| 651 ## - PUNTO DE ACCESO ADICIONAL DE MATERIA--NOMBRE GEOGRÁFICO |
| Nombre geográfico |
Perú |
| Subdivisión general |
Política y gobierno |
| Subdivisión cronológica |
Siglo XXI |
| 9 (RLIN) |
48036 |
| 700 1# - PUNTO DE ACCESO ADICIONAL--NOMBRE DE PERSONA |
| Nombre de persona |
Meléndez, Carlos |
| Fechas asociadas al nombre |
1977- |
| Término indicativo de función/relación |
autor |
| 9 (RLIN) |
48037 |
| 700 1# - PUNTO DE ACCESO ADICIONAL--NOMBRE DE PERSONA |
| Nombre de persona |
Requena, José Carlos |
| Fechas asociadas al nombre |
1977- |
| Término indicativo de función/relación |
autor |
| 9 (RLIN) |
48038 |
| 700 1# - PUNTO DE ACCESO ADICIONAL--NOMBRE DE PERSONA |
| Nombre de persona |
Sablich, Erick, |
| Término indicativo de función/relación |
autor |
| 9 (RLIN) |
48039 |
| 942 ## - ELEMENTOS DE PUNTO DE ACCESO ADICIONAL (KOHA) |
| Fuente del sistema de clasificación o colocación |
|
| Tipo de ítem Koha |
Libros-BMC |